01033nam a2200265 i 45000010005000000030009000050050017000140070003000310080041000340800012000750800010000871110111000972450093002082600051003013000028003524900040003805000013004205000079004336500054005126500045005667000029006117100054006408300040006948520033007346479ES-MaACL20250729053850.0t|891123s1988 xxu ||||1| eng d a541.183 a532.52 aNATO Advance Study Institute on Physicochemical Hydrodynamics: Interfacial Phenomena (d1986. cLa Rabida)10aPhysicochemycal hydrodynamics b: interfacial phenomena / cedited by Manuel G. Velarde. aNew York [etc.] : bPlenum Press, ccop. 1988. aXVI, 1111 p. ; c26 cm.1 aNATO ASI. Serie B : Physics ; v174 aIndices. aEn port.: "Published in cooperation with NATO Scientific Affairs Division"14aQuímica de superficies-vCongresos y asambleas.14aHidrodinámica-vCongresos y asambleas.1 aGarcía Velarde, Manuel1 aOrganización del Tratado del Atlántico Norte.0 aNATO ASI. Serie B : Physics ; v174 aES-MaACLjL-13614 bR.117180